000 00857nam a2200229 a 4500
003 CBULib
005 20240529145640.0
008 110506s2010 ||||||||||||||||| || u
040 _aCBULib
_bEnglish
_cCBULib
_dCBULib
_erda
050 _aUNECE(02)2010/9
110 _aUnited Nations Economic Commission for Europe (UNECE)
245 1 4 _aThe relationship between population and housing
_c/ by United Nations Economic Commission for Europe (UNECE)
260 _aGeneva
_bUnited Nations Economic Commission for Europe (UNECE)
_c2010
300 _a46 pages
336 _2rdacontent
_aText |
_btxt
337 _2rdamedia
_aUnmediated |
_bn
338 _2rdacarrier
_aVolume
_bnc
650 0 _aPOPULATION--ENVIRONMENTAL ASPECTS
_92944
650 0 _aHOUSING--EUROPE
_92945
942 _2mc
_c029
999 _c56006
_d56006